| 000 | 01914nam a2200433 i 4500 | ||
|---|---|---|---|
| 001 | 175461 | ||
| 003 | ES-MaACL | ||
| 005 | 20250902003549.0 | ||
| 008 | 101028s2009 sp o |||| |dspa d | ||
| 015 | _aMON09 | ||
| 017 |
_aM 2762-2009 _bOficina Depósito Legal Madrid |
||
| 020 | _a9788461290536 | ||
| 035 | _a(OCoLC)733611286 | ||
| 035 | _aa4530105 | ||
| 040 |
_aSpMaBN _bspa _cSpMaBN _erdc _dES-MaACL |
||
| 080 | _a913(460.27 M.-21 Las Cortes)(084) | ||
| 245 | 0 | 0 |
_aExposición Concurso Fotográfico : _bdel 30 de enero al 22 de febrero 2009, Ateneo de Madrid |
| 246 | 1 |
_aExposición Concurso Fotográfico 2008 : _bBarrio de las Letras |
|
| 260 |
_aMadrid : _bAsociación de Comerciantes Barrio de las Letras, _c2009 |
||
| 300 |
_a[40] páginas, [3] hojas de láminas : _bfotos (blanco y negro y color) ; _c19 x 19 cm |
||
| 336 |
_2rdacontent _atexto |
||
| 337 |
_2rdamedia _asin mediación |
||
| 338 |
_2rdacarrier _avolumen |
||
| 500 | _aRecoge las 33 fotografías de la muestra exhibida en el Ateneo de Madrid | ||
| 610 | 2 | 4 |
_aAteneo de Madrid- _vExposiciones- _y2001-2009 _91924 |
| 650 | 4 |
_aFotografía- _zMadrid (Comunidad Autónoma)- _vExposiciones _9173416 |
|
| 650 | 4 |
_aFotografía- _zEspaña- _yS.XXI- _vExposiciones _9173415 |
|
| 651 | 4 |
_aLas Cortes (Madrid, Barrio) _9155920 |
|
| 651 | 4 |
_aMadrid (Comunidad Autónoma)- _vExposiciones _9173411 |
|
| 655 | 7 |
_aCatálogos de exposiciones _2tgfbne _9193628 |
|
| 710 | 2 |
_aAteneo de Madrid _ehis _91875 |
|
| 710 | 2 |
_aAsociación de Comerciantes, Autónomos y Pequeñas Empresas del Barrio de las Letras _eedt _9241578 |
|
| 852 |
_aES-MaACL _cDEPOF _j2283-F-1 _9182198 |
||
| 852 |
_aES-MaACL _cDEPO2 _hDonación: Asociación de Comerciantes Barrio de las Letras _jN-8925 _9204802 |
||
| 942 |
_2udc _cMONOGRAFIA _n0 |
||
| 999 |
_c175461 _d175461 |
||